000 00752nam a2200301Ia 4500
008 160803s9999 xx 000 0 und d
020 _a 9780756953164
100 _aBaglio, Ben M.
245 _aBeyond the sunrise /
245 _cBen M. Baglio ; illustrations by Judith Lawton.
260 _aNew York :
260 _bScholastic Inc.
260 _c2003
300 _a151 pages :
300 _billustrations ;
300 _c20 cm.
440 _aDolphin Diaries.
650 _aDolphins --
650 _aDolphins --
650 _aDolphins.
650 _aPoachers --
650 _aPoachers --
650 _xFiction.
650 _xFiction.
650 _xJuvenile fiction.
650 _xJuvenile fiction.
700 _a660
999 _c298523
_d298523